Las botas de anselmo soria /

Guardado en:
Autor Principal: Orgambide, Pedro
Formato: Libro
Publicado: Buenos Aires : Colihue, 1992
Series:La Movida ; No.1
Materias:
Etiquetas: Agregar Etiqueta
Sin Etiquetas, Sea el primero en etiquetar este registro!
LEADER 00783nam a22002535a 4500
001 CEM.cems004764
005 20101202130108.0
008 130507s1992##################000#0#####d
003 CEMS
020 |a 950010671X 
082 0 4 |a A863.4 
100 1 |a Orgambide, Pedro 
245 1 0 |a Las botas de anselmo soria /  |c Pedro Orgambide 
260 |a Buenos Aires :  |b Colihue,  |c 1992 
300 |a 83 p. 
490 0 |a La Movida ; No.1 
653 |a Literatura 
653 |a Literatura argentina 
653 |a Novelas 
653 |a Novela argentina 
653 |a Literatura juvenil 
859 |a CEMS  |b BIB. CEMS - 11 de abril  |h A863.4  |i Or15  |p 16562.92  |t Ej.1 
859 |a CEMS  |b BIB. CEMS - 11 de abril  |h A863.4  |i Or15  |p 17178.93  |t Ej.2 
859 |a CEMS  |b BIB. CEMS - 11 de abril  |h A863.4  |i Or15  |p 19991.98  |t Ej.3